000 00942cam a2200217 i 4500
999 _c57967
_d57967
001 18266077
005 20221111103229.0
008 140813s2015 enk b 001 0 eng
020 _a9781137356840x
041 _aeng
080 _a327(4) Th-44
245 0 4 _aThe European Union as a diplomatic actor /
_cedited by Joachim A. Koops, Dean, Vesalius College and research professor, Institute of European Studies, Vrije Universiteit Brussel, Belgium and Gjovalin Macaj, St. Antony's College, University of Oxford, UK.
264 1 _aHoundmills, Basingstoke, Hampshire :
_bPalgrave Macmillan,
_c2015.
300 _axix, 209 pages ;
_c23 cm.
653 _aThe European Union as a Diplomatic Actor
653 _aдипломатия
653 _aდიპლომატია
700 1 _aKoops, Joachim Alexander.
_911307
_eრედაქტორი
700 1 _aMacaj, Gjovalin.
_911308
_eრედაქტორი
942 _2udc
_cBK